| 000 | 00838nam a2200241 a 4500 | ||
|---|---|---|---|
| 999 |
_c443572 _d443572 |
||
| 003 | BLK | ||
| 005 | 20230912083432.0 | ||
| 008 | 210813b bul |a|er|||| |0| ||bulo| | ||
| 020 | _a9786191643851 | ||
| 040 | _aBLK | ||
| 041 |
_aBUL _cBUL |
||
| 080 |
_aБългарска литература _b821.163.2 _x-31 _z821.163.2-31 |
||
| 100 |
_aЛюбомиров, Борислав Иванов _eпърви автор _9470189 |
||
| 139 |
_aЛюбомиров, Борислав Иванов _bЛ 95 |
||
| 245 | 1 | 0 |
_aИ бащите имат сърца _bРоман _cБорислав Любомиров |
| 260 |
_aСофия _bEnthusiast _c2021 _9215899 |
||
| 300 |
_a256 с. _c21 см |
||
| 380 | _aX | ||
| 856 |
_i0.00 _ldisable |
||
| 942 |
_cKNG _n0 _s1 _014 |
||
| 944 |
_aCR _c2022-02-04 _k30530 _lМинев Младен |
||
| 999 | _d443572 | ||